[Event "Nachod op 9th"]
[Site "Nachod"]
[Date "2011.07.09"]
[Round "8"]
[White "Kotva, Milan"]
[Black "Kouba, Vaclav"]
[Result "1/2-1/2"]
[WhiteElo "2014"]
[BlackElo "1827"]
[PlyCount "64"]
[EventDate "2011.07.02"]
[EventType "swiss"]
[EventRounds "9"]
[EventCountry "CZE"]
[SourceTitle "EXT 2012"]
[Source "ChessBase"]
[SourceDate "2011.11.24"]
[SourceVersion "1"]
[SourceVersionDate "2011.11.24"]
[SourceQuality "1"]

1. e4 e5 2. Nf3 Nc6 3. Bb5 a6 4. Ba4 Nf6 5. 0-0 b5 6. Bb3 Nxe4 7. d4 d5 8. dxe5 Be6 9. Be3 Be7 10. c3 0-0 11. a4 Qd7 12. Qe2 Na5 13. Bc2 Nc4 14. Bf4 Bg4 15. b3 Na5 16. Qe3 Bf5 17. Nd4 Bg6 18. f3 Nc5 19. Bxg6 hxg6 20. Nd2 Ne6 21. Bg3 c5 22. Nxe6 Qxe6 23. Qe2 Rfb8 24. Rfb1 b4 25. cxb4 cxb4 26. f4 Rc8 27. Rc1 Rc3 28. Rab1 Rac8 29. Rd1 Rc2 30. Qf1 Ra2 31. Ra1 Rb2 32. Rab1 Ra2 1/2-1/2

[Event "Nachod op 9th"]
[Site "Nachod"]
[Date "2011.07.03"]
[Round "2.18"]
[White "Kouba, Vaclav"]
[Black "Srejber, Michal"]
[Result "0-1"]
[WhiteElo "1827"]
[BlackElo "2158"]
[PlyCount "52"]
[EventDate "2011.07.02"]
[EventType "swiss"]
[EventRounds "9"]
[EventCountry "CZE"]
[SourceTitle "EXT 2012"]
[Source "ChessBase"]
[SourceDate "2011.11.24"]
[SourceVersion "1"]
[SourceVersionDate "2011.11.24"]
[SourceQuality "1"]

1. e4 c5 2. Nf3 d6 3. d4 cxd4 4. Nxd4 Nf6 5. Nc3 g6 6. Be3 Bg7 7. f3 0-0 8. Qd2 Nc6 9. Bc4 Bd7 10. 0-0-0 Rc8 11. Bb3 Ne5 12. g4 Nc4 13. Bxc4 Rxc4 14. h4 Qa5 15. Nb3 Qa6 16. Kb1 Rfc8 17. h5 Be6 18. hxg6 fxg6 19. Rh4 b5 20. Qh2 b4 21. Bd4 bxc3 22. Bxf6 Bxf6 23. Rxh7 cxb2 24. Qh6 Qxa2+ 25. Kxa2 Ra4+ 26. Kb1 Ra1+ 0-1

[Event "Nachod op 9th"]
[Site "Nachod"]
[Date "2011.07.02"]
[Round "1.23"]
[White "Novotny, Josef"]
[Black "Kouba, Vaclav"]
[Result "0-1"]
[WhiteElo "2143"]
[BlackElo "1827"]
[PlyCount "108"]
[EventDate "2011.07.02"]
[EventType "swiss"]
[EventRounds "9"]
[EventCountry "CZE"]
[SourceTitle "EXT 2012"]
[Source "ChessBase"]
[SourceDate "2011.11.24"]
[SourceVersion "1"]
[SourceVersionDate "2011.11.24"]
[SourceQuality "1"]

1. e3 e5 2. d3 d5 3. Nf3 Nc6 4. Be2 Bd6 5. Nc3 Be6 6. e4 d4 7. Nb1 f6 8. c4 Nge7 9. a3 g5 10. Bxg5 fxg5 11. Nxg5 Qd7 12. h3 Ng6 13. Bg4 Bxg4 14. hxg4 h6 15. Nh3 0-0-0 16. g3 Rdf8 17. Nd2 Rfg8 18. Rc1 Nf8 19. c5 Be7 20. b4 Qxg4 21. Qa4 Ne6 22. Qc2 Bg5 23. Rb1 Bxd2+ 24. Qxd2 Ng5 25. Nxg5 hxg5 26. Rf1 Qf3 27. Qe2 Rf8 28. b5 Qxe2+ 29. Kxe2 Nb8 30. Rh1 Nd7 31. Rxh8 Rxh8 32. Rc1 Rh6 33. a4 c6 34. Kf3 Rf6+ 35. Ke2 cxb5 36. axb5 a6 37. c6 bxc6 38. bxa6 c5 39. Ra1 Kb8 40. Rh1 Rxa6 41. Rh8+ Kc7 42. Rg8 Ra2+ 43. Ke1 Rc2 44. Rxg5 c4 45. dxc4 Rxc4 46. Kd2 Kd6 47. f4 Rc3 48. Rg6+ Ke7 49. Ra6 Rxg3 50. fxe5 Nxe5 51. Ra4 Rg2+ 52. Kd1 d3 53. Ra7+ Kf6 54. Rh7 Nc4 0-1

[Event "Harrachov op-A"]
[Site "Harrachov"]
[Date "2009.10.27"]
[Round "4"]
[White "Kocourkova, Zuzana"]
[Black "Kouba, Vaclav"]
[Result "1/2-1/2"]
[WhiteElo "1796"]
[BlackElo "1870"]
[PlyCount "79"]
[EventDate "2009.10.24"]
[EventType "swiss"]
[EventRounds "9"]
[EventCountry "CZE"]
[SourceTitle "EXT 2012"]
[Source "ChessBase"]
[SourceDate "2011.11.24"]
[SourceVersion "1"]
[SourceVersionDate "2011.11.24"]
[SourceQuality "1"]

1. e4 c5 2. Nf3 a6 3. d4 cxd4 4. Nxd4 e5 5. Nf3 Nc6 6. Bc4 Be7 7. Qd5 Qa5+ 8. Qxa5 Nxa5 9. Nxe5 Nxc4 10. Nxc4 Nf6 11. e5 Nd5 12. Nd6+ Bxd6 13. exd6 b5 14. Bd2 0-0 15. 0-0 Bb7 16. Nc3 Rac8 17. Nxd5 Bxd5 18. Bc3 b4 19. Bxb4 Rxc2 20. Bc3 Re8 21. Rfe1 Ree2 22. Rxe2 Rxe2 23. a3 Kf8 24. Re1 Rxe1+ 25. Bxe1 f5 26. g3 Kf7 27. f4 g6 28. Kf2 Ke6 29. Bb4 Bc6 30. Ke3 Kd5 31. b3 Bb7 32. Kd3 Bc6 33. a4 h6 34. h3 h5 35. h4 Bb7 36. Ba3 Ba8 37. Bb2 Kxd6 38. Kd4 Bd5 39. b4 Bc6 40. a5 1/2-1/2

[Event "Sec Svetla op"]
[Site "Sec u Chrudimi"]
[Date "2008.10.29"]
[Round "6"]
[White "Kouba, Vaclav"]
[Black "Hajek, Jiri2222"]
[Result "1-0"]
[WhiteElo "1744"]
[BlackElo "1836"]
[PlyCount "49"]
[EventDate "2008.10.25"]
[EventType "swiss"]
[EventRounds "9"]
[EventCountry "CZE"]
[SourceTitle "EXT 2023"]
[Source "ChessBase"]
[SourceDate "2022.10.05"]
[SourceVersion "1"]
[SourceVersionDate "2022.10.05"]
[SourceQuality "1"]

1. e4 g6 2. d4 Bg7 3. Nc3 d6 4. f4 Nc6 5. Nf3 Bg4 6. Be3 Nf6 7. Be2 Nh5 8. d5 Nb4 9. Nd4 Bxe2 10. Qxe2 c5 11. Nf3 Nf6 12. 0-0 0-0 13. Rad1 Qc8 14. h3 Nh5 15. Kf2 Rd8 16. Qd2 a5 17. g4 Nf6 18. f5 Nd7 19. Bh6 Bh8 20. fxg6 fxg6 21. Kg2 Bg7 22. Bxg7 Kxg7 23. Ng5 Ne5 24. Ne6+ Kg8 25. Qh6 1-0

[Event "Sec Svetla op"]
[Site "Sec u Chrudimi"]
[Date "2008.10.28"]
[Round "5"]
[White "Havelka, Petr"]
[Black "Kouba, Vaclav"]
[Result "1-0"]
[WhiteElo "1934"]
[BlackElo "1744"]
[PlyCount "41"]
[EventDate "2008.10.25"]
[EventType "swiss"]
[EventRounds "9"]
[EventCountry "CZE"]
[SourceTitle "EXT 2023"]
[Source "ChessBase"]
[SourceDate "2022.10.05"]
[SourceVersion "1"]
[SourceVersionDate "2022.10.05"]
[SourceQuality "1"]

1. d4 d5 2. c4 e6 3. Nc3 Nf6 4. Bg5 c6 5. e3 Nbd7 6. Nf3 Be7 7. Bd3 0-0 8. 0-0 dxc4 9. Bxc4 Nd5 10. Bxe7 Qxe7 11. Rc1 Nxc3 12. Rxc3 e5 13. d5 cxd5 14. Qxd5 e4 15. Nd4 Nb6 16. Qh5 Nxc4 17. Rxc4 b6 18. Rfc1 Ba6 19. Nf5 Qf6 20. Rxe4 Qxb2 21. Ne7+ 1-0